Statistics for Zambia Trivia

Click here to take the quiz!

General Stats

  • This quiz has been taken 8 times
  • The average score is 3 of 8

Answer Stats

Hint Answer % Correct
Capital | Largest CityLusaka
88%
National SportFootball
88%
Largest LakeLake Tanganyika
50%
National AnimalAfrican Fish Eagle
13%
National FlowerBougainvillea
0%
National LanguageTonga
0%
Highest PointMafinga Central
0%

Score Distribution

Percentile by Number Answered

Percent of People with Each Score

Your Score History

You have not taken this quiz